000 01358cdm a2200241 a 4500
001 storyofstainedgl00krul
003 CaSfIA
005 20210119084825.0
007 cr||||
008 900105s1976 xxk||| |||||||nn eng|d
035 _a(UK-BiTAL)537d59fe7fce4715902705ccd9730c9f
035 _a()y970288x
040 _aRO
_cRO
_dUK-BiTAL
_dBIBLIOS
_dCaSfIA
100 1 _aReyntiens, Patrick.
245 0 4 _aThe story of stained glass /
_h[electronic resource]
_ccompiled, photographed and annotated by Patrick Reyntiens.
260 _aNorthleach :
_bVisual Publications,
_c1976.
300 _a6 filmstrips (37 Fr) :
_bcol.
_e6 booklets
505 8 _aContents: 1.Techniques and tools / 2.From winter into spring - 11th and 12th centuries / 3.High summer - 13th and 14th centuries / 4.Autumn - 15th and 16th centuries /5.The renewal of vision - 20th century / 6.The movement towards simplicity - 20th century.
856 4 1 _uhttp://www.archive.org/details/storyofstainedgl00krul
_zFree eBook from the Internet Archive
942 _cEB
506 _fНеобхідна авторизація на https://archive.org/ (створення облікового запису безкоштовно)
506 _fНеобхідна авторизація на https://openlibrary.org/ (створення облікового запису безкоштовно)
999 _c553017
_d553017